00936njm a2200253Ia 450000100060000000300090000600500170001500800410003204000130007304000130008610000180009910000180011710000380013524500350017325000110020826000110021926000580023030000100028830000290029850000330032750502070036065000530056770000620062054310IT-RoPAU20220918181129.0131025s9999 xx 000 0 und d aIT-RoPAU cIT-RoPAU aDe Lucia Paco eAutore musica gCodice autore musica SPICS: 11612 aSiroco (Lp Polygram 830 913-1) a1a ed. aITALIA bPOLYGRAMc1987 [1a Ed.:1987 - Ed. Lingua Orig.: 1987] aDISCO c38 minuti (Testo: pag.) aMusica strumentale: chitarra aLa Canada (Tangos) - El Panuelo (Bulerias) - Mi nino Curro (Rondena) - Callejon del muro (Minera) - La barrosa (Alegrias) - Casilda (Tanguillos) - Cana de Azucar (Rumba) - Gloria al nino Ricardo (Solea) aSTRUMENTALE [DISCHI]eCodice MATERIA SPICS: 9950 aDe Lucia PacogCodice interprete SPICS: 11612eInterprete